Developing strategy with tools to reach the Hindu community in Mauritius / (Record no. 25095)
[ view plain ]
| 000 -LEADER | |
|---|---|
| fixed length control field | 00553nam a22001577a 4500 |
| 003 - CONTROL NUMBER IDENTIFIER | |
| control field | AUA.1 |
| 005 - DATE AND TIME OF LATEST TRANSACTION | |
| control field | 20251105112010.0 |
| 008 - FIXED-LENGTH DATA ELEMENTS--GENERAL INFORMATION | |
| fixed length control field | 250627b |||||||| |||| 00| 0 eng d |
| 040 ## - CATALOGING SOURCE | |
| Transcribing agency | JTL |
| 100 ## - MAIN ENTRY--PERSONAL NAME | |
| Personal name | Lamour, Alain Laval |
| 245 ## - TITLE STATEMENT | |
| Title | Developing strategy with tools to reach the Hindu community in Mauritius / |
| Statement of responsibility, etc | Alain Laval Lamour. |
| 260 ## - PUBLICATION, DISTRIBUTION, ETC. (IMPRINT) | |
| Date of publication, distribution, etc | c2023. |
| 300 ## - PHYSICAL DESCRIPTION | |
| Extent | viii, 128leaves : |
| Other physical details | Illustrations : |
| Dimensions | 30cm. |
| 650 ## - SUBJECT ADDED ENTRY--TOPICAL TERM | |
| Topical term or geographic name as entry element | Church work with Indians |
| General subdivision | Seventh-day Adventists |
| Geographic subdivision | Mauritius |
| 942 ## - ADDED ENTRY ELEMENTS (KOHA) | |
| Source of classification or shelving scheme | Library of Congress Classification |
| Koha item type | Project |
| Classification part | MA PTh |
| Item part | .L36 2023 |
| Withdrawn status | Lost status | Source of classification or shelving scheme | Damaged status | Not for loan | Collection code | Home library | Current library | Shelving location | Date acquired | Source of acquisition | Cost, normal purchase price | Serial Enumeration / chronology | Total Checkouts | Full call number | Barcode | Date last seen | Cost, replacement price | Price effective from | Koha item type |
|---|---|---|---|---|---|---|---|---|---|---|---|---|---|---|---|---|---|---|---|
| Library of Congress Classification | JTL Research Collection | Judith Thomas Library | Judith Thomas Library | Judith Thomas Library Research Section | 27/06/2025 | Theological Seminary | 25.00 | AUA27930 | MA PTh .L36 2023 | AUA27930 | 27/06/2025 | 25.00 | 27/06/2025 | Project |